Ligue One Torschützen 2024/2025 - Statistiken

Allgemein
  • Dieses Quiz wurde 77 mal gespielt
  • Das Durchschnittsergebnis liegt bei 4 aus 10
Antwortstatistiken
Tore Verein Spieler % Korrekt
21 Paris Saint-Germain Ousmane Dembélé
100%
14 Paris Saint-Germain Bradley Barcola
69%
21 Olympique Marseille Mason Greenwood
64%
16 OSC Lille Jonathan David
60%
16 Olympique Lyon Alexandre Lacazette
57%
13 AS Monaco Mika Biereth
21%
13 Olympique Marseille Amine Gouiri
15%
14 Racing Straßburg Emanuel Emegha
15%
17 Stade Rennes Arnaud Kalimuendo
13%
13 Stade Brest Ludovic Ajorque
13%
Keine übereinstimmenden Quizze gefunden
Verteilung der Resultate
Anzahl Personen mit jedem Resultat
Perzentil nach korrekt beantworteten Fragen
Ihre Resultats-Entwicklung
Sie haben dieses Quiz noch nicht gespielt